00293nam a2200109 450000500170000002000180001708200190003508400250005424500600007926000340013930000100017320260410130412.0 a9788197358951 a006.312bJHA.D 2Colon Classification aData Science and artificial intelligence /cJha, Renuka aJaipur :bYking Books,c2024. a272p.